Contaminació atmosfèrica i meteorologia / P. Bessemoulin ... [et al] ; V. Sureda, coordinador
Descripción Física:
87 p. ; 24 cm
Colección:
Quaderns d'Ecologia aplicada ; 5
MARC
| LEADER | 00000nam a2200000Ia 4500 | ||
|---|---|---|---|
| 001 | 1575 | ||
| 008 | 160829s1983 xx 000 0 cat d | ||
| 080 | |a C-1-219 | ||
| 245 | |a Contaminació atmosfèrica i meteorologia / P. Bessemoulin ... [et al] ; V. Sureda, coordinador | ||
| 260 | |a Barcelona : |b Servei del Medi Ambient de la Diputació de Barcelona, |c 1983 | ||
| 300 | |a 87 p. ; |c 24 cm | ||
| 490 | |a Quaderns d'Ecologia aplicada ; 5 | ||
| 650 | 0 | |a Aire |x Contaminació |9 32823 | |
| 650 | |a Meteorologia |9 29054 | ||
| 700 | |a Bessemoulin, P. |9 32824 |e autor | ||
| 700 | 1 | |a Sureda, Vicenç, |d 1949-2022 |e coordinador |9 55316 | |
| 710 | 1 | |a Barcelona (Catalunya : Província). |b Servei de Medi Ambient |9 53475 | |
| 901 | |a Arxiu | ||
| 942 | |n 1 |2 udc | ||
| 952 | |0 0 |1 0 |4 0 |6 C1219 |7 1 |9 46116 |a Arxiu |b Arxiu |d 2016-12-01 |l 0 |o C-1-219 |p 1575 |r 2016-12-01 00:00:00 |w 2016-12-01 |y ARXIU | ||
| 999 | |c 49618 |d 49618 | ||